书目信息 |
| 题名: |
Raspberry Pi + Arduino智能家居入门
|
|
| 作者: | 丹尼斯 (Dennis,AndrewK.)著Andrew K. Dennis 著 | |
| 分册: | ||
| 出版信息: | 北京 科学出版社 2015.04 |
|
| 页数: | 132页 | |
| 开本: | 20cm | |
| 丛书名: | ||
| 单 册: | ||
| 中图分类: | TP316.85 | |
| 科图分类: | ||
| 主题词: | 软件 | |
| 电子资源: | ||
| ISBN: | 7-03-043488-9 | |
| 000 | 00728nam0 2200193 450 | |
| 001 | 1741266555 | |
| 005 | 20171208112947.37 | |
| 010 | @a7-03-043488-9@dCNY35.00 | |
| 100 | @a20171208d2015 km y0chiy0120 ea | |
| 101 | 0 | @achi |
| 102 | @aCN@b110000 | |
| 200 | 1 | @aRaspberry Pi + Arduino智能家居入门@ARaspberry Pi+Arduino zhi neng jia ju ru men@f(美)丹尼斯 ( Dennis, Andrew K. ) 著Andrew K. Dennis著@F(mei)dan ni si(Dennis,Andrew K.)zhu Andrew K.Dennis zhu |
| 210 | @a北京@c科学出版社@d2015.04 | |
| 215 | @a132页@d20cm | |
| 606 | 0 | @a软件 |
| 690 | @aTP316.85@v4 | |
| 701 | 0 | @a丹尼斯 (Dennis,AndrewK.)著Andrew K. Dennis@Adan ni si(Dennis,AndrewK.)zhu Andrew K.Dennis@4著 |
| 801 | 0 | @aCN@bMUSE@c20171208 |
| 905 | @aMUSE@dTP316.85@eD155 | |
| Raspberry Pi + Arduino智能家居入门/(美)丹尼斯 ( Dennis, Andrew K. ) 著Andrew K. Dennis著.-北京:科学出版社,2015.04 |
| 132页;20cm |
| ISBN 7-03-043488-9:CNY35.00 |
| ● |
| 相关链接 |
|
|
|
正题名:Raspberry Pi + Arduino智能家居入门
索取号:TP316.85/D155
 
预约/预借
| 序号 | 登录号 | 条形码 | 馆藏地/架位号 | 状态 | 备注 |
| 1 | 1237111 | 212371119 | 电气与控制工程学院资料室/ [索取号:TP316.85/D155] | 在馆 |